[Event "Titled Tuesday intern op 02nd Apr Late"]
[Site "Chess.com INT"]
[Date "2024.04.02"]
[Round "5"]
[White "De Boer, Eelke"]
[Black "Mamedov, Edgar"]
[Result "0-1"]
[WhiteElo "2399"]
[BlackElo "2317"]
[PlyCount "72"]
[EventDate "2024.04.02"]
[EventType "swiss (blitz)"]
[EventRounds "11"]
[EventCountry "USA"]
[SourceTitle "CB15_2024"]
[SourceDate "2024.04.10"]
[SourceVersion "1"]
[SourceVersionDate "2024.04.10"]
[SourceQuality "1"]

1. e4 c6 2. d4 d5 3. e5 c5 4. Nf3 cxd4 5. Nxd4 Nc6 6. Nxc6 bxc6 7. Bd3 e6 8. 0-0 Ne7 9. Re1 Ng6 10. Nd2 Be7 11. Qg4 0-0 12. Nf3 a5 13. c3 Ba6 14. Bc2 Qe8 15. h4 f5 16. exf6 Bxf6 17. Rxe6 Bc8 18. Rxe8 Bxg4 19. Rxa8 Rxa8 20. Bg5 Bxf3 21. gxf3 Nxh4 22. Bxf6 gxf6 23. f4 Kf7 24. Kf1 Rb8 25. b3 Rg8 26. Re1 Rg4 27. f5 Nf3 28. Re6 Ne5 29. Rd6 h5 30. Rd8 Kg7 31. Bd1 Rg5 32. f4 Rxf5 33. Kg2 Nd3 34. Bc2 Ne1+ 35. Kg3 Nxc2 36. Rd7+ Kg6 0-1

[Event "San Vicente op 8th"]
[Site "San Vicente"]
[Date "2024.03.31"]
[Round "7"]
[White "Adhiban, Baskaran"]
[Black "Mamedov, Edgar"]
[Result "1/2-1/2"]
[WhiteElo "2541"]
[BlackElo "2317"]
[PlyCount "65"]
[EventDate "2024.03.27"]
[EventType "swiss"]
[EventRounds "9"]
[EventCountry "ESP"]
[SourceTitle "CB14_2024"]
[SourceDate "2024.04.01"]
[SourceVersion "1"]
[SourceVersionDate "2024.04.01"]
[SourceQuality "1"]

1. e4 c5 2. Nf3 Nc6 3. Bb5 e6 4. Bxc6 bxc6 5. b3 Ne7 6. Bb2 d6 7. e5 Nf5 8. exd6 Bxd6 9. d3 0-0 10. Nbd2 e5 11. Nc4 Nd4 12. h3 Bc7 13. Qd2 Qf6 14. 0-0-0 Be6 15. Qg5 Qxg5+ 16. Nxg5 Bd5 17. Ne3 f5 18. Rhe1 Rae8 19. c3 Ne6 20. Nxe6 Bxe6 21. Ba3 Bd6 22. f3 Rf6 23. Kc2 Bd5 24. c4 Bf7 25. Bb2 Bg6 26. Nf1 Rfe6 27. Nd2 h6 28. Re2 Bh7 29. h4 h5 30. Ba3 Be7 31. Rh1 Rd8 32. Bb2 Bf6 33. Rhe1 1/2-1/2

[Event "Titled Tuesday intern op 06th Feb Early"]
[Site "Chess.com INT"]
[Date "2024.02.06"]
[Round "8"]
[White "Ambartsumova, Karina"]
[Black "Mamedov, Edgar"]
[Result "0-1"]
[WhiteElo "2418"]
[BlackElo "2317"]
[PlyCount "106"]
[EventDate "2024.02.06"]
[EventType "swiss (blitz)"]
[EventRounds "11"]
[EventCountry "USA"]
[SourceTitle "CB07_2024"]
[SourceDate "2024.02.14"]
[SourceVersion "1"]
[SourceVersionDate "2024.02.14"]
[SourceQuality "1"]

1. d4 d5 2. c4 e6 3. Nc3 Nf6 4. cxd5 exd5 5. Bg5 c6 6. e3 Bd6 7. Bd3 0-0 8. Nf3 Be6 9. Qc2 h6 10. Bh4 Nbd7 11. h3 Qc7 12. Ne2 Rfe8 13. 0-0 b6 14. Bg3 c5 15. Bxd6 Qxd6 16. Ng3 c4 17. Bf5 b5 18. a3 a5 19. Rfe1 Bxf5 20. Qxf5 g6 21. Qc2 Qc6 22. Nd2 h5 23. Ne2 b4 24. axb4 axb4 25. Nf4 Kg7 26. Nf3 Ne4 27. Nd2 Ndf6 28. Nxe4 Nxe4 29. Rxa8 Rxa8 30. f3 Nd6 31. e4 dxe4 32. fxe4 Nb5 33. d5 Qc5+ 34. Kh1 c3 35. bxc3 Qxc3 36. Qf2 b3 37. e5 b2 38. Ne6+ Kg8 39. Rf1 f5 40. Qb6 Qd3 41. Rg1 b1Q 42. Qb7 Qxg1+ 43. Kxg1 Qe3+ 44. Kh1 Qe1+ 45. Kh2 Qxe5+ 46. Kg1 Qe1+ 47. Kh2 Qe5+ 48. Kg1 Ra1+ 49. Kf2 Qb2+ 50. Kf3 Ra3+ 51. Kf4 Qd2+ 52. Ke5 Qc3+ 53. Kf4 Qe3# 0-1

[Event "Titled Tuesday intern op 06th Feb Early"]
[Site "Chess.com INT"]
[Date "2024.02.06"]
[Round "1"]
[White "Filali, Razzouki Marouan"]
[Black "Mamedov, Edgar"]
[Result "0-1"]
[WhiteElo "2234"]
[BlackElo "2317"]
[PlyCount "86"]
[EventDate "2024.02.06"]
[EventType "swiss (blitz)"]
[EventRounds "11"]
[EventCountry "USA"]
[SourceTitle "CB07_2024"]
[SourceDate "2024.02.14"]
[SourceVersion "1"]
[SourceVersionDate "2024.02.14"]
[SourceQuality "1"]

1. e4 c5 2. Nf3 Nc6 3. d4 cxd4 4. Nxd4 Nf6 5. Nc3 e6 6. Nb3 Bb4 7. Bd3 d5 8. exd5 Nxd5 9. 0-0 Nxc3 10. bxc3 Bxc3 11. Ba3 Bxa1 12. Qxa1 f6 13. Rd1 Qc7 14. Nd4 Nxd4 15. Qxd4 Bd7 16. Bd6 Qa5 17. Bb4 Qd5 18. Qh4 0-0-0 19. Qg3 Bc6 20. Re1 Rd7 21. a4 g5 22. a5 h5 23. Bf1 h4 24. Qc3 h3 25. Qxf6 Rh4 26. Bc3 hxg2 27. Bd3 Rf4 28. Qh8+ Rd8 29. Qg7 Qf3 30. Re2 Rxd3 31. cxd3 Qxe2 32. Qg8+ Kd7 33. Qg7+ Kd8 34. Bf6+ Rxf6 35. Qxf6+ Kd7 36. Qg7+ Kd6 37. Qd4+ Bd5 38. Qb4+ Ke5 39. Qc3+ Kf5 40. Qc1 Qxd3 41. h3 b5 42. axb6 axb6 43. Kh2 Qe4 0-1

[Event "Titled Tuesday intern op 06th Feb Early"]
[Site "Chess.com INT"]
[Date "2024.02.06"]
[Round "3"]
[White "Gordon, Frederick"]
[Black "Mamedov, Edgar"]
[Result "0-1"]
[WhiteElo "2365"]
[BlackElo "2317"]
[PlyCount "166"]
[EventDate "2024.02.06"]
[EventType "swiss (blitz)"]
[EventRounds "11"]
[EventCountry "USA"]
[SourceTitle "CB07_2024"]
[SourceDate "2024.02.14"]
[SourceVersion "1"]
[SourceVersionDate "2024.02.14"]
[SourceQuality "1"]

1. Nf3 d5 2. e3 Nf6 3. b3 Bg4 4. Bb2 Nbd7 5. d4 e6 6. Nbd2 Bd6 7. Bd3 0-0 8. c4 c6 9. h3 Bh5 10. Qc2 Bg6 11. 0-0 a5 12. e4 dxe4 13. Nxe4 Nxe4 14. Bxe4 a4 15. Rfd1 Nf6 16. Bxg6 hxg6 17. Ne5 Qa5 18. Bc3 Qa6 19. Nd3 b5 20. Bb2 Rfd8 21. Rac1 axb3 22. axb3 Rab8 23. Ra1 Qb7 24. Bc3 Ra8 25. Ba5 Rdc8 26. Bd2 Nd7 27. c5 Bc7 28. Bf4 Bxf4 29. Nxf4 Nf6 30. h4 Rxa1 31. Rxa1 Rd8 32. Qc3 Qd7 33. Ne2 Qd5 34. Ra7 Qe4 35. Qe3 Qb1+ 36. Nc1 e5 37. f3 exd4 38. Qd2 d3 39. Kf2 Qc2 40. Qxc2 dxc2 41. Ke1 Rd1+ 42. Ke2 Rxc1 43. Kd2 Rg1 44. Kxc2 Rxg2+ 45. Kd3 Nd5 46. Ra8+ Kh7 47. Rc8 Rb2 48. Kd4 Rd2+ 49. Ke5 Nb4 50. Rc7 Rd5+ 51. Ke4 f5+ 52. Kf4 Rxc5 53. Kg5 f4+ 54. Kg4 Nd5 55. Rf7 Rc2 56. Kh3 Rf2 57. Rf8 Rxf3+ 58. Kg2 Rxb3 59. Rc8 Ne3+ 60. Kf3 Nf5+ 61. Kxf4 Nxh4 62. Rxc6 b4 63. Kg5 Nf3+ 64. Kf4 Nd4 65. Rb6 Rb1 66. Ke4 Nf5 67. Kf4 b3 68. Ke4 b2 69. Kf4 Rf1+ 70. Kg5 b1Q 71. Rxb1 Rxb1 72. Kg4 Kh6 73. Kf3 Rb4 74. Kg2 Kg5 75. Kf2 Kf4 76. Ke2 Rb2+ 77. Kd3 Ke5 78. Kc4 Rc2+ 79. Kb5 Kd5 80. Kb6 Nd6 81. Ka5 Kc5 82. Ka4 Rc3 83. Ka5 Ra3# 0-1

[Event "Titled Tuesday intern op 06th Feb Early"]
[Site "Chess.com INT"]
[Date "2024.02.06"]
[Round "2"]
[White "Mamedov, Edgar"]
[Black "Ismagilov, Damir"]
[Result "1-0"]
[WhiteElo "2317"]
[BlackElo "2143"]
[PlyCount "99"]
[EventDate "2024.02.06"]
[EventType "swiss (blitz)"]
[EventRounds "11"]
[EventCountry "USA"]
[SourceTitle "CB07_2024"]
[SourceDate "2024.02.14"]
[SourceVersion "1"]
[SourceVersionDate "2024.02.14"]
[SourceQuality "1"]

1. d4 Nf6 2. Bg5 d5 3. Bxf6 gxf6 4. e3 c5 5. Nf3 Nc6 6. dxc5 e6 7. c4 dxc4 8. Nbd2 c3 9. bxc3 Bxc5 10. Be2 Rg8 11. 0-0 f5 12. Nd4 Bd7 13. Nc4 Qe7 14. Nb5 Kf8 15. Bf3 Rd8 16. Qb3 a6 17. Nd4 Bxd4 18. cxd4 b5 19. Nb6 Be8 20. Qc3 Qb4 21. Rac1 Qxc3 22. Rxc3 Ne7 23. Rfc1 f4 24. Rc7 Nf5 25. R1c3 Nh4 26. Be4 Nxg2 27. Kf1 Nh4 28. Rc8 Rxc8 29. Rxc8 Ke7 30. exf4 Rg4 31. Rc7+ Kf6 32. Nc8 Rxf4 33. Nd6 Kg5 34. Bxh7 Rxd4 35. Nxe8 Kf4 36. Rxf7+ Ke5 37. Bc2 Rd2 38. Bb3 Nf5 39. Nc7 Nd4 40. Nxa6 Rb2 41. Nc5 Rb1+ 42. Kg2 Kd6 43. Ne4+ Ke5 44. Nd2 Rb2 45. Nf3+ Nxf3 46. Rxf3 Kd6 47. h4 e5 48. h5 e4 49. Rf5 b4 50. h6 1-0

[Event "Rilton Cup 51st"]
[Site "Stockholm"]
[Date "2024.01.02"]
[Round "6"]
[White "Mamedov, Edgar"]
[Black "Krishna, C Revanth Gopala"]
[Result "0-1"]
[WhiteElo "2309"]
[BlackElo "2396"]
[PlyCount "68"]
[EventDate "2023.12.27"]
[EventType "swiss"]
[EventRounds "9"]
[EventCountry "SWE"]
[SourceTitle "CB02_2024"]
[SourceDate "2024.01.10"]
[SourceVersion "1"]
[SourceVersionDate "2024.01.10"]
[SourceQuality "1"]

1. d4 d6 2. Nf3 f5 3. g3 Nf6 4. Bg2 g6 5. 0-0 Bg7 6. c4 0-0 7. Nc3 e6 8. Re1 Nc6 9. d5 Ne5 10. Nd4 Nxc4 11. Nxe6 Bxe6 12. dxe6 c6 13. Qb3 d5 14. Qxb7 Qb6 15. Qxb6 axb6 16. e7 Rfe8 17. Bg5 Ne4 18. Nxe4 fxe4 19. Bh3 h6 20. Bd7 hxg5 21. Bxc6 Rac8 22. Bxe8 Rxe8 23. Rad1 d4 24. Rc1 Nxb2 25. Rc6 d3 26. exd3 exd3 27. Rd6 Kf7 28. Rc1 Rxe7 29. Kf1 Be5 30. Rd8 Rc7 31. Re1 Bf6 32. Rd6 Bc3 33. Ree6 d2 34. Rxg6 Nc4 0-1

[Event "Rilton Cup 51st"]
[Site "Stockholm"]
[Date "2023.12.30"]
[Round "4"]
[White "Kienboeck, Benjamin"]
[Black "Mamedov, Edgar"]
[Result "0-1"]
[WhiteElo "2177"]
[BlackElo "2309"]
[PlyCount "60"]
[EventDate "2023.12.27"]
[EventType "swiss"]
[EventRounds "9"]
[EventCountry "SWE"]
[SourceTitle "CB02_2024"]
[SourceDate "2024.01.10"]
[SourceVersion "1"]
[SourceVersionDate "2024.01.10"]
[SourceQuality "1"]

1. e4 c5 2. Nf3 Nc6 3. d4 cxd4 4. Nxd4 e5 5. Nb5 d6 6. c4 g6 7. N1c3 a6 8. Na3 Bg7 9. h4 h6 10. Nc2 Nf6 11. Be2 Be6 12. Be3 Rc8 13. Qd2 Ne7 14. b3 b5 15. h5 g5 16. f3 bxc4 17. bxc4 Bxc4 18. Bxc4 Rxc4 19. Na3 Rc6 20. Rd1 0-0 21. Nab1 Qc7 22. Ke2 Rd8 23. Bxg5 hxg5 24. h6 Bh8 25. h7+ Nxh7 26. Rh5 Ng6 27. g3 Nf6 28. Rxg5 Bg7 29. Rh1 Rc5 30. Rf5 d5 0-1

[Event "Titled Tuesday intern op 12th Dec Early"]
[Site "Chess.com INT"]
[Date "2023.12.12"]
[Round "9"]
[White "Drygalov, Sergey"]
[Black "Mamedov, Edgar"]
[Result "1-0"]
[WhiteElo "2547"]
[BlackElo "2309"]
[PlyCount "57"]
[EventDate "2023.12.12"]
[EventType "swiss (blitz)"]
[EventRounds "11"]
[EventCountry "USA"]
[SourceTitle "CB51_2023"]
[SourceDate "2023.12.20"]
[SourceVersion "1"]
[SourceVersionDate "2023.12.20"]
[SourceQuality "1"]

1. d4 d5 2. c4 e6 3. Nf3 Nf6 4. Nc3 c6 5. e3 Nbd7 6. Qc2 Bd6 7. Bd3 0-0 8. 0-0 dxc4 9. Bxc4 b5 10. Be2 a6 11. Ng5 Qc7 12. e4 h6 13. e5 hxg5 14. exd6 Qxd6 15. Bxg5 Qxd4 16. Rad1 Qe5 17. Bh4 Nc5 18. Bg3 Qg5 19. Bd6 Bb7 20. f4 Qh6 21. Bxc5 Rfe8 22. Ne4 Nd5 23. Nd6 Re7 24. Bf3 Nxf4 25. Nxb7 Rxb7 26. Bxc6 Rc7 27. Bxa8 Qg5 28. b4 a5 29. Qd2 1-0

[Event "Wch U14"]
[Site "Montesilvano"]
[Date "2023.11.22"]
[Round "9"]
[White "Dotzer, Lukas"]
[Black "Mamedov, Edgar"]
[Result "0-1"]
[WhiteElo "2339"]
[BlackElo "2234"]
[PlyCount "130"]
[EventDate "2023.11.13"]
[EventType "swiss"]
[EventRounds "11"]
[EventCountry "ITA"]
[SourceTitle "CB48_2023"]
[SourceDate "2023.11.29"]
[SourceVersion "1"]
[SourceVersionDate "2023.11.29"]
[SourceQuality "1"]

1. e4 c5 2. Nf3 Nc6 3. d4 cxd4 4. Nxd4 Nf6 5. Nc3 e5 6. Ndb5 d6 7. Nd5 Nxd5 8. exd5 Nb8 9. a4 Be7 10. Bd2 Nd7 11. a5 Nf6 12. Be3 0-0 13. Bxa7 Nd7 14. Be2 f5 15. 0-0 e4 16. f4 exf3 17. Bxf3 Bf6 18. Bd4 Rxa5 19. Rxa5 Qxa5 20. Nxd6 Ne5 21. Kh1 Nxf3 22. Bxf6 Rxf6 23. Nxc8 Ng5 24. Ne7+ Kf8 25. Nxf5 Qb5 26. Qa1 Ne4 27. c4 Qb4 28. Qa8+ Kf7 29. Qh8 Nf2+ 30. Kg1 Rxf5 31. Qd8 Qc5 32. Qd7+ Kg6 33. Qe8+ Kh6 34. Qe6+ Rf6 35. Qxf6+ gxf6 36. Rxf2 Kg6 37. b3 Qb6 38. g3 Qxb3 39. Rf4 b5 40. cxb5 Qxd5 41. b6 Qc5+ 42. Kg2 Qc6+ 43. Kg1 Qxb6+ 44. Kg2 h5 45. h4 Qe3 46. Rf3 Qe2+ 47. Rf2 Qe4+ 48. Rf3 f5 49. Kf2 Kf6 50. Rf4 Qc2+ 51. Kg1 Ke5 52. Rf2 Qd1+ 53. Kg2 Ke4 54. Rf4+ Ke3 55. Rf2 Qd5+ 56. Kg1 Qf3 57. Rg2 Qg4 58. Kh2 Kf3 59. Rg1 Qd4 60. Rf1+ Qf2+ 61. Rxf2+ Kxf2 62. Kh3 Kg1 63. g4 fxg4+ 64. Kg3 Kh1 65. Kf4 Kh2 0-1

[Event "Wch U14"]
[Site "Montesilvano"]
[Date "2023.11.15"]
[Round "3"]
[White "Ji, Jiahao Eric"]
[Black "Mamedov, Edgar"]
[Result "0-1"]
[WhiteElo "2045"]
[BlackElo "2234"]
[PlyCount "80"]
[EventDate "2023.11.13"]
[EventType "swiss"]
[EventRounds "11"]
[EventCountry "ITA"]
[SourceTitle "CB48_2023"]
[SourceDate "2023.11.29"]
[SourceVersion "1"]
[SourceVersionDate "2023.11.29"]
[SourceQuality "1"]

1. e4 c5 2. Nf3 Nc6 3. d4 cxd4 4. Nxd4 Nf6 5. Nc3 e5 6. Ndb5 d6 7. Bg5 a6 8. Na3 b5 9. Nd5 Be7 10. Bxf6 Bxf6 11. c3 Rb8 12. Nc2 Bg5 13. a4 bxa4 14. Ncb4 Nxb4 15. cxb4 0-0 16. Rxa4 a5 17. Bc4 Bd7 18. Ra1 axb4 19. 0-0 Qc8 20. Bb3 Qc5 21. Qh5 h6 22. Rfd1 g6 23. Qf3 Kg7 24. h4 Bxh4 25. Rdc1 Ra8 26. Rxc5 Rxa1+ 27. Kh2 dxc5 28. Qe3 Rb1 29. Qd2 Bg5 30. Ne3 Bf4+ 31. g3 Bxe3 32. fxe3 Bg4 33. Qc2 Re1 34. Qxc5 Re2+ 35. Kg1 Ra8 36. Qxe5+ Kh7 37. Qd5 Ra1+ 38. Bd1 Rxd1+ 39. Qxd1 Rg2+ 40. Kxg2 Bxd1 0-1

[Event "Wch U14"]
[Site "Montesilvano"]
[Date "2023.11.14"]
[Round "2"]
[White "Mamedov, Edgar"]
[Black "Bochniak, Franciszek"]
[Result "1-0"]
[WhiteElo "2234"]
[BlackElo "1954"]
[PlyCount "129"]
[EventDate "2023.11.13"]
[EventType "swiss"]
[EventRounds "11"]
[EventCountry "ITA"]
[SourceTitle "CB48_2023"]
[SourceDate "2023.11.29"]
[SourceVersion "1"]
[SourceVersionDate "2023.11.29"]
[SourceQuality "1"]

1. d4 Nf6 2. c4 b6 3. Nc3 Bb7 4. d5 e6 5. a3 Bd6 6. Nf3 0-0 7. e4 exd5 8. exd5 c6 9. Be2 h6 10. 0-0 Na6 11. Nd4 Be5 12. Bf3 Rc8 13. Be3 cxd5 14. cxd5 d6 15. Rc1 Nc5 16. b4 Bxd4 17. Bxd4 Ncd7 18. Qb3 a6 19. Rfe1 Re8 20. a4 Ne5 21. Be2 Ng6 22. Bf1 Nf4 23. Rxe8+ Nxe8 24. Be3 Ng6 25. b5 a5 26. Qd1 Nf6 27. Qd4 Nd7 28. Rd1 Ne7 29. Bd3 Rc5 30. Qe4 Nf6 31. Qd4 Nexd5 32. Nxd5 Nxd5 33. Bd2 Nf6 34. Rc1 Qc7 35. Rxc5 dxc5 36. Qf4 Qd8 37. Bc2 Bd5 38. f3 Be6 39. Be1 Nd5 40. Qe4 Qf6 41. Bg3 Qa1+ 42. Kf2 Qc1 43. Be5 g6 44. h4 h5 45. Kg3 Kh7 46. Bb3 f5 47. Qe2 f4+ 48. Kf2 Qh1 49. Bxd5 Qxh4+ 50. Kg1 Bxd5 51. Qd2 Qd8 52. Qxf4 Qe7 53. Bc7 Qe6 54. Bd8 Qd7 55. Bxb6 c4 56. Qe5 Be6 57. Bxa5 Kh6 58. Bc3 Bf5 59. a5 Qd1+ 60. Kh2 Qc2 61. Qf4+ Kh7 62. Qc7+ Kh6 63. Bg7+ Kg5 64. Qe7+ Kf4 65. Bh6+ 1-0

[Event "Titled Tuesday intern op 26th Sep Early"]
[Site "Chess.com INT"]
[Date "2023.09.26"]
[Round "10"]
[White "Mamedov, Edgar"]
[Black "Abbasi Abeluie, Mohammad Mehdi"]
[Result "1-0"]
[WhiteElo "2239"]
[BlackElo "2117"]
[PlyCount "119"]
[EventDate "2023.09.26"]
[EventType "swiss (blitz)"]
[EventRounds "11"]
[EventCountry "USA"]
[SourceTitle "EXT 2024"]
[Source "ChessBase"]
[SourceDate "2023.10.10"]
[SourceVersion "1"]
[SourceVersionDate "2023.10.10"]
[SourceQuality "1"]

1. c4 e6 2. Nc3 d5 3. e3 Nf6 4. Nf3 Be7 5. b3 0-0 6. Bb2 b6 7. Be2 c5 8. cxd5 exd5 9. d4 Nc6 10. 0-0 Bg4 11. h3 Bh5 12. Ne5 Nxe5 13. dxe5 Bxe2 14. Qxe2 Ne4 15. Nxe4 dxe4 16. Qc4 Qd3 17. Rad1 Qxc4 18. bxc4 Rfd8 19. Rd5 Kf8 20. a4 Ke8 21. f3 exf3 22. gxf3 Bf8 23. Kg2 Ke7 24. f4 Rd7 25. e4 Rad8 26. f5 f6 27. e6 Rxd5 28. exd5 Ke8 29. Bc3 Bd6 30. Ra1 Rb8 31. Kf3 Ke7 32. Ke4 g6 33. Rg1 g5 34. Rb1 h5 35. Rg1 Rb7 36. Be1 a6 37. Rg2 Rb8 38. Rb2 Ke8 39. Kf3 Ke7 40. Bg3 Bxg3 41. Kxg3 Kd6 42. Kf3 Rb7 43. Ke4 Rb8 44. Rb1 Ke7 45. Kd3 Kd6 46. Rb3 Rb7 47. Ke4 Rb8 48. Rb2 Ke7 49. a5 b5 50. cxb5 axb5 51. a6 b4 52. Kd3 Kd6 53. Kc4 Ra8 54. Re2 g4 55. hxg4 hxg4 56. e7 Kd7 57. e8Q+ Rxe8 58. Rxe8 Kxe8 59. a7 g3 60. a8Q+ 1-0

[Event "Titled Tuesday intern op 26th Sep Early"]
[Site "Chess.com INT"]
[Date "2023.09.26"]
[Round "2"]
[White "Mamedov, Edgar"]
[Black "Mohammed, Zozek Salah Mohamme"]
[Result "1-0"]
[WhiteElo "2239"]
[BlackElo "2210"]
[PlyCount "109"]
[EventDate "2023.09.26"]
[EventType "swiss (blitz)"]
[EventRounds "11"]
[EventCountry "USA"]
[SourceTitle "EXT 2024"]
[Source "ChessBase"]
[SourceDate "2023.10.10"]
[SourceVersion "1"]
[SourceVersionDate "2023.10.10"]
[SourceQuality "1"]

1. d4 d5 2. Nf3 Nf6 3. c4 e6 4. Nc3 c5 5. cxd5 exd5 6. g3 Nc6 7. Bg2 Be7 8. 0-0 0-0 9. dxc5 Bxc5 10. Bg5 Be6 11. Bxf6 Qxf6 12. Nxd5 Qxb2 13. Nc7 Rad8 14. Qc1 Ba3 15. Nxe6 Qxc1 16. Raxc1 fxe6 17. Rb1 b6 18. Ng5 Nd4 19. e3 h6 20. exd4 hxg5 21. Rfd1 Rd6 22. d5 Bc5 23. Rb2 exd5 24. Rxd5 Rdf6 25. Rdd2 g4 26. Bd5+ Kh7 27. Be4+ Kh6 28. Kg2 a5 29. a4 Kg5 30. Bd5 Kh6 31. Bb3 Kg5 32. Bd1 Rf5 33. Rbc2 R5f6 34. Rd5+ Rf5 35. Rcd2 Kh6 36. Rxf5 Rxf5 37. Bxg4 Re5 38. Rd8 Re4 39. Bd1 Rd4 40. Rxd4 Bxd4 41. h4 Bc5 42. f4 Bd4 43. Kf3 Bc5 44. g4 Be7 45. g5+ Kg6 46. Kg4 Kf7 47. Bb3+ Kf8 48. f5 Bb4 49. h5 Bd2 50. f6 gxf6 51. gxf6 Bh6 52. Kf5 Bc1 53. Kg6 Bb2 54. h6 Ba1 55. h7 1-0

[Event "Titled Tuesday intern op 26th Sep Early"]
[Site "Chess.com INT"]
[Date "2023.09.26"]
[Round "9"]
[White "Seletsky, Grigory"]
[Black "Mamedov, Edgar"]
[Result "1/2-1/2"]
[WhiteElo "2220"]
[BlackElo "2239"]
[PlyCount "126"]
[EventDate "2023.09.26"]
[EventType "swiss (blitz)"]
[EventRounds "11"]
[EventCountry "USA"]
[SourceTitle "EXT 2024"]
[Source "ChessBase"]
[SourceDate "2023.10.10"]
[SourceVersion "1"]
[SourceVersionDate "2023.10.10"]
[SourceQuality "1"]

1. b3 e5 2. Bb2 Nc6 3. e3 Nf6 4. Bb5 d6 5. d4 Bd7 6. Nf3 exd4 7. Nxd4 Nxd4 8. Bxd7+ Nxd7 9. Qxd4 Qg5 10. 0-0 Qe5 11. Qxe5+ dxe5 12. Nc3 c6 13. Rad1 f6 14. Ne4 0-0-0 15. Nd6+ Bxd6 16. Rxd6 Nb6 17. Rfd1 Nd5 18. Rxd8+ Rxd8 19. a3 a5 20. e4 Nb6 21. Rxd8+ Kxd8 22. a4 Nc8 23. Bc3 b6 24. f3 Kd7 25. Kf2 c5 26. Ke2 Nd6 27. Kd3 Kc6 28. Bd2 Ne8 29. g3 Nd6 30. f4 Nf7 31. f5 Nd6 32. c3 c4+ 33. bxc4 Nb7 34. Be3 h5 35. h3 Nc5+ 36. Bxc5 Kxc5 37. h4 Kc6 38. Ke3 Kd6 39. Kd2 Kd7 40. Ke3 Kc7 41. Kd2 Kb7 42. Kd3 Ka6 43. Kc2 Ka7 44. Kb3 Kb7 45. Kc2 Ka6 46. Kb3 Kb7 47. Kc2 Kc8 48. Kd3 Kd7 49. c5 bxc5 50. Kc4 Kc6 51. Kd3 Kb6 52. c4 Kc6 53. Ke3 Kd7 54. Kf3 Ke7 55. g4 hxg4+ 56. Kxg4 Kf8 57. h5 Kg8 58. Kh4 Kh7 59. Kg4 Kh8 60. Kh4 Kg8 61. Kg4 Kf7 62. Kh4 Kf8 63. Kg4 Kg8 1/2-1/2

[Event "Titled Tuesday intern op 26th Sep Early"]
[Site "Chess.com INT"]
[Date "2023.09.26"]
[Round "11"]
[White "Swicarz, Maciej"]
[Black "Mamedov, Edgar"]
[Result "0-1"]
[WhiteElo "2261"]
[BlackElo "2239"]
[PlyCount "98"]
[EventDate "2023.09.26"]
[EventType "swiss (blitz)"]
[EventRounds "11"]
[EventCountry "USA"]
[SourceTitle "EXT 2024"]
[Source "ChessBase"]
[SourceDate "2023.10.10"]
[SourceVersion "1"]
[SourceVersionDate "2023.10.10"]
[SourceQuality "1"]

1. e4 e6 2. d4 d5 3. Nd2 Be7 4. c3 c5 5. exd5 cxd4 6. dxe6 Bxe6 7. Bb5+ Nc6 8. Bxc6+ bxc6 9. cxd4 Qxd4 10. Ngf3 Qd5 11. 0-0 Nf6 12. Qe2 0-0 13. b3 a5 14. Bb2 Qb5 15. Rfe1 Bb4 16. Nd4 Qxe2 17. Rxe2 Bd5 18. Rc1 Rfe8 19. Rxe8+ Rxe8 20. Bc3 Bxc3 21. Rxc3 Re1+ 22. Nf1 Ne4 23. Re3 Rd1 24. Nf3 f5 25. Re1 Rxe1 26. Nxe1 Nc3 27. Ne3 Nxa2 28. Nxf5 Nb4 29. Ne7+ Kf7 30. Nxd5 cxd5 31. Kf1 Ke6 32. Ke2 d4 33. Nd3 Nc6 34. f4 Kd5 35. Kf3 Ne7 36. g4 Nc6 37. h4 g6 38. h5 gxh5 39. gxh5 h6 40. Kg4 Ke4 41. Nc5+ Ke3 42. f5 Ne5+ 43. Kg3 d3 44. Na4 d2 45. Nb2 Kd4 46. Kf4 Nd3+ 47. Nxd3 Kxd3 48. f6 d1Q 49. Ke5 Qxb3 0-1

[Event "Titled Tuesday intern op 19th Sep Early"]
[Site "Chess.com INT"]
[Date "2023.09.19"]
[Round "10"]
[White "Mamedov, Edgar"]
[Black "Antunez, Soler Luis"]
[Result "1/2-1/2"]
[WhiteElo "2239"]
[BlackElo "2200"]
[PlyCount "116"]
[EventDate "2023.09.19"]
[EventType "swiss (blitz)"]
[EventRounds "11"]
[EventCountry "USA"]
[SourceTitle "EXT 2024"]
[Source "ChessBase"]
[SourceDate "2023.10.10"]
[SourceVersion "1"]
[SourceVersionDate "2023.10.10"]
[SourceQuality "1"]

1. d4 d5 2. c4 c6 3. cxd5 cxd5 4. Nc3 Nf6 5. Bg5 Ne4 6. Nxe4 dxe4 7. a3 Nc6 8. d5 h6 9. Bf4 e5 10. Be3 Ne7 11. Qa4+ Qd7 12. Qxe4 Qxd5 13. Qxd5 Nxd5 14. Bd2 Bf5 15. f3 e4 16. e3 Bc5 17. Bb5+ Ke7 18. Ke2 Rhd8 19. Rc1 Rac8 20. fxe4 Bxe4 21. Nf3 f6 22. Bc4 Nb6 23. Ba2 Na4 24. b4 Bd3+ 25. Kf2 Bb6 26. Nd4 Nb2 27. Ne6 Bg6 28. Nxd8 Rxd8 29. Bc3 Nd3+ 30. Ke2 Bh5+ 31. Kd2 Nxb4+ 32. Bd4 Nxa2 33. Ra1 Bf7 34. Kc2 Bxd4 35. exd4 Rxd4 36. Rhe1+ Kf8 37. Rad1 Rxd1 38. Rxd1 b5 39. Rd8+ Ke7 40. Ra8 b4 41. Rxa7+ Ke6 42. Kb2 Nc3 43. axb4 Nd5 44. b5 Be8 45. Ra5 Kd6 46. Kb3 Kc5 47. Ra7 Bxb5 48. Rxg7 Bc4+ 49. Kb2 Nf4 50. Rh7 Nxg2 51. Rxh6 Ne3 52. Rxf6 Kd4 53. Rf4+ Kd5 54. h4 Ke5 55. Rxc4 Nxc4+ 56. Kc3 Kf4 57. Kxc4 Kg4 58. h5 Kxh5 1/2-1/2

[Event "Titled Tuesday intern op 19th Sep Early"]
[Site "Chess.com INT"]
[Date "2023.09.19"]
[Round "8"]
[White "Mamedov, Edgar"]
[Black "Jaskolka, Tomasz"]
[Result "1-0"]
[WhiteElo "2239"]
[BlackElo "2228"]
[PlyCount "137"]
[EventDate "2023.09.19"]
[EventType "swiss (blitz)"]
[EventRounds "11"]
[EventCountry "USA"]
[SourceTitle "EXT 2024"]
[Source "ChessBase"]
[SourceDate "2023.10.10"]
[SourceVersion "1"]
[SourceVersionDate "2023.10.10"]
[SourceQuality "1"]

1. d4 d5 2. c4 e5 3. cxd5 Qxd5 4. Nf3 e4 5. Nc3 Bb4 6. Nd2 Qxd4 7. e3 Qd6 8. Ncxe4 Qe7 9. Nc3 Nf6 10. Be2 0-0 11. 0-0 Nc6 12. Qc2 Be6 13. a3 Bd6 14. Nb5 Rfd8 15. Nxd6 Qxd6 16. Nc4 Bxc4 17. Bxc4 Ne5 18. Be2 Re8 19. Rd1 Qe7 20. Bd2 Rad8 21. Bb4 Qe6 22. Qxc7 Rc8 23. Qxb7 Rc2 24. Rd2 Rxd2 25. Bxd2 Ng6 26. Rc1 h6 27. Bc4 Qe7 28. Qxe7 Rxe7 29. Ba2 Ne4 30. Bb4 Rd7 31. f3 Ng5 32. e4 Nf4 33. Kf1 h5 34. h4 Nge6 35. Bxe6 fxe6 36. g3 Ng6 37. Ke2 Ne5 38. Bc3 Nf7 39. Rd1 Rc7 40. Rd4 Kh7 41. Ra4 Rb7 42. Bd4 e5 43. Rxa7 Rb3 44. Bc3 Nd6 45. Bxe5 Nc4 46. Bxg7 Kg6 47. Bc3 Nxb2 48. Bxb2 Rxb2+ 49. Ke3 Rg2 50. Kf4 Kh6 51. Ra6+ Kh7 52. g4 hxg4 53. fxg4 Rf2+ 54. Kg5 Rf7 55. e5 Kg7 56. e6 Re7 57. h5 Kh7 58. Kf6 Rb7 59. e7 Rb8 60. Kf7 Rb3 61. Rh6+ Kxh6 62. e8Q Rf3+ 63. Ke6 Kg7 64. Qg6+ Kh8 65. Qf6+ Kh7 66. Qxf3 Kg7 67. Qf6+ Kh7 68. h6 Kg8 69. Qg7# 1-0